Médical - Paramètres vitaux adulte - Statistiques

Statistiques générales
  • Ce quiz a été pris 170 fois
  • Le résultat moyen est 3 sur 9
Statistiques - réponses
Hint Réponse % Correct
Tension artérielle (systole)(mmHg) 120
69%
Fréquence cardiaque (bpm) 60 à 100
60%
Tension artérielle (diastole)(mmHg) 80
59%
Saturation (%) 95 à 100
38%
Fréquence respiratoire (mvt/min) 12 à 20
30%
Diurèse (mL/24h) 1500
15%
Température (°C) 36 à 37,5
14%
Glycémie à jeun (g/L) 0,80 à 1,20
13%
IMC 18,5 à 25
3%
Aucun quiz correspondant
Distribution des résultats
% des personnes avec chaque résultat
Percentile par nombre de réponses
Votre historique - résultats
Vous n’avez pas pris ce quiz